[Event "LTU-ch"]
[Site "Vilnius"]
[Date "1999.??.??"]
[Round "?"]
[White "Slapikas, Vytautas"]
[Black "Zapolskis, Antanas"]
[Result "0-1"]
[WhiteElo "2420"]
[BlackElo "2358"]
[PlyCount "126"]
[EventDate "1999.??.??"]
[Source "www.chesslib.no"]
[SourceDate "2004.05.04"]

1. e4 e5 2. Nf3 Nc6 3. Nc3 d6 4. g3 g6 5. Bg2 Bg7 6. Nd5 Nf6 7. Nxf6+ Qxf6 8. d3 h6 9. Be3 O-O 10. O-O Be6 11. Qd2 g5 12. h4 g4 13. Nh2 Qg6 14. c3 f5 15. d4 Bc4 16. exf5 Qxf5 17. Rfc1 h5 18. d5 Ne7 19. Bg5 Rae8 20. Nf1 Bxf1 21. Rxf1 e4 22. Rad1 Ng6 23. Rde1 Ne5 24. Bxe4 Qxe4 25. Rxe4 Nf3+ 26. Kg2 Nxd2 27. Rxe8 Rxe8 28. Bxd2 Re5 29. Re1 Rxd5 30. Bg5 Be5 31. Re2 Rd3 32. Rd2 Rf3 33. Re2 Kf7 34. Re3 Rf5 35. f3 gxf3+ 36. Rxf3 Kg6 37. Rxf5 Kxf5 38. Kf3 d5 39. Be3 b6 40. a4 c5 41. Bg5 c4 42. Be3 Bc7 43. Bg5 a6 44. Be7 Be5 45. Bb4 b5 46. axb5 axb5 47. Bc5 Bf6 48. Be3 Be7 49. Bd4 b4 50. cxb4 Bxb4 51. Bg7 Bc5 52. Bc3 d4 53. Bd2 Bf8 54. Ba5 Bg7 55. Bd2 d3 56. Bc3 Bxc3 57. bxc3 d2 58. Ke2 Kg4 59. Kxd2 Kxg3 60. Ke3 Kxh4 61. Kd4 Kg5 62. Kxc4 h4 63. Kb5 h3 0-1

[Event "Moscow RUS"]
[Site "?"]
[Date "1998.??.??"]
[Round "?"]
[White "Grechihin Valery"]
[Black "Parfenov Vjacheslav"]
[Result "1/2-1/2"]
[WhiteElo "2540"]
[BlackElo "2233"]
[PlyCount "29"]
[EventDate "1998.??.??"]
[Source "www.chesslib.no"]
[SourceDate "2004.05.04"]

1. e4 e5 2. Nf3 Nc6 3. Nc3 d6 4. Bc4 Be7 5. O-O Nf6 6. d3 O-O 7. h3 Na5 8. Be3 Nxc4 9. dxc4 Be6 10. Qe2 Nd7 11. Rad1 f5 12. exf5 Bxf5 13. c5 Qe8 14. cxd6 Bxd6 15. Nd5 1/2-1/2

[Event "Asia-chT"]
[Site "Singapore"]
[Date "1995.??.??"]
[Round "9"]
[White "Antonio, Rogelio Jr"]
[Black "Taleb, Moussa"]
[Result "1-0"]
[WhiteElo "2525"]
[BlackElo "2245"]
[PlyCount "65"]
[EventDate "1995.12.??"]
[Source "ChessBase"]

1. e4 Nc6 2. Nc3 e5 3. Nf3 d6 4. d4 exd4 5. Nxd4 Bd7 6. Be3 Nf6 7. Be2 g6 8. O-O Bg7 9. f4 O-O 10. Bf3 Nxd4 11. Bxd4 Bc6 12. Re1 Re8 13. Qd3 Nd7 14. b4 Bxd4+ 15. Qxd4 b6 16. Rad1 a5 17. a3 axb4 18. axb4 Ra3 19. Qc4 Nb8 20. Rf1 Qf6 21. e5 dxe5 22. fxe5 Qe6 23. Bd5 Bxd5 24. Nxd5 Kg7 25. Qf4 Ra7 26. Nf6 Rh8 27. b5 h6 28. h4 Qe7 29. Rd3 c6 30. Rd6 cxb5 31. Nd5 Qb7 32. e6 fxe6 33. Qe5+ 1-0

[Event "Wch Seniors"]
[Site "Bad Wildbad GER"]
[Date "1993.??.??"]
[Round "7"]
[White "Lein, Anatoly Y"]
[Black "Usachyi, Mark"]
[Result "1-0"]
[WhiteElo "2465"]
[BlackElo "2305"]
[PlyCount "63"]
[EventDate "1993.11.??"]
[Source "www.chesslib.no"]
[SourceDate "2004.05.04"]

1. e4 e5 2. Nf3 Nc6 3. Nc3 d6 4. d4 exd4 5. Nxd4 Bd7 6. Be3 Nf6 7. f3 Be7 8. Be2 O-O 9. O-O Ne5 10. g4 c6 11. g5 Ne8 12. f4 Ng6 13. Qd2 Kh8 14. Rf2 b5 15. h4 b4 16. Nd1 Nxh4 17. Rh2 Ng6 18. Bd3 c5 19. Nf5 Be6 20. Qe2 Nxf4 21. Bxf4 Bxg5 22. Qh5 Bh6 23. Nxh6 gxh6 24. Qxh6 Rg8+ 25. Kf1 Rg7 26. e5 f5 27. Qxe6 Nc7 28. Qxd6 Qg8 29. e6 Rd8 30. Qe5 Rd5 31. Qe3 Nxe6 32. Be5 1-0

[Event "Dubai Open 5th"]
[Site "?"]
[Date "2003.04.26"]
[Round "6"]
[White "Mirzoeva Elmira"]
[Black "Kayumov Sergey"]
[Result "0-1"]
[WhiteElo "2277"]
[BlackElo "2490"]
[PlyCount "138"]
[EventDate "2003.??.??"]
[Source "www.chesslib.no"]
[SourceDate "2004.05.04"]

1. e4 e5 2. Nf3 Nc6 3. Nc3 Bb4 4. Bb5 Nge7 5. Nd5 O-O 6. Nxb4 Nxb4 7. c3 Nbc6 8. d4 exd4 9. Nxd4 Nxd4 10. cxd4 d5 11. e5 c5 12. O-O Qb6 13. Bd3 c4 14. Bc2 Bf5 15. Bg5 Bxc2 16. Qxc2 Nc6 17. Be3 f6 18. Rad1 Kh8 19. Qd2 f5 20. Bg5 Rae8 21. Rfe1 Re6 22. h4 h6 23. Bf4 Qd8 24. g3 b5 25. b3 Qb6 26. Kg2 Rc8 27. Qc2 Ne7 28. b4 Kg8 29. h5 Qc6 30. Qc3 Qe8 31. Rh1 Rcc6 32. a3 Ra6 33. Qf3 Ra4 34. g4 fxg4 35. Qxg4 Qf7 36. Rh3 Qf5 37. Qxf5 Nxf5 38. Bc1 Re8 39. Kf1 Kf7 40. Rf3 Ke6 41. Bb2 Rc8 42. Rc3 Ra6 43. Ke2 Rcc6 44. f4 Kf7 45. Kf3 g6 46. Kg4 Ng7 47. Bc1 gxh5+ 48. Kf3 Nf5 49. Be3 Rg6 50. Bf2 Rg4 51. Rh1 Kg6 52. Rg1 Nh4+ 53. Ke2 Rxg1 54. Bxg1 Kf5 55. Bh2 Rg6 56. Bg3 Rg4 57. Bxh4 Rxh4 58. Re3 Rh2+ 59. Kd1 Kxf4 60. Re1 Rg2 61. e6 Rg8 62. e7 Re8 63. Re5 h4 64. Ke2 h3 65. Kf2 c3 66. Rxd5 Rxe7 67. Rc5 h2 68. Kg2 Re2+ 69. Kh1 c2 0-1

[Event "Villafranca <2> (1h)"]
[Site "?"]
[Date "1992.??.??"]
[Round "?"]
[White "Oll, L."]
[Black "Carbonell, J."]
[Result "1-0"]
[WhiteElo "2600"]
[BlackElo "2160"]
[PlyCount "63"]
[EventDate "1992.??.??"]
[Source "www.chesslib.no"]
[SourceDate "2004.05.04"]

1. e4 e5 2. Nf3 Nc6 3. Nc3 Bb4 4. Nd5 Bc5 5. c3 Nge7 6. b4 Bb6 7. a4 a6 8. Nxb6 cxb6 9. d3 d5 10. Be2 O-O 11. O-O f5 12. Bb2 Kh8 13. b5 fxe4 14. dxe4 dxe4 15. Qxd8 Rxd8 16. Ng5 Rd2 17. bxc6 Nxc6 18. Bc4 Rxb2 19. Nf7+ Kg8 20. f4 g6 21. fxe5 Kg7 22. e6 Na5 23. Bd5 Rd2 24. c4 b5 25. axb5 axb5 26. Ne5 bxc4 27. e7 Bf5 28. Rxa5 Re8 29. Nxc4 Rd4 30. Rxf5 gxf5 31. Nd6 Rd1+ 32. Kf2 1-0